Rock/Metal Band by Song and Year - Statistics

General Stats
  • This quiz has been taken 19 times
  • The average score is 3 of 15
Answer Stats
Year Song Band % Correct
1984 Escape Metallica
61%
1973 Spiral Architect Black Sabbath
44%
2001 Gently Slipknot
39%
1999 Beg for Me Korn
33%
1995 Walkabout Red Hot Chili Peppers
28%
1969 Peaches en Regalia Frank Zappa
22%
2008 Pravus Meshuggah
22%
1996 Born Stubborn Sepultura
17%
1998 Pilate Pearl Jam
11%
1982 The Rhythm of the Heat Peter Gabriel
6%
1976 Lessons Rush
6%
2012 Non-State Actor Soundgarden
6%
1989 Demonspeed White Zombie
6%
1987 Fireplace R.E.M.
0%
1965/6 Much Too Much The Who
0%
No matching quizzes found
Score Distribution
Percent of People with Each Score
Percentile by Number Answered
Your Score History
You have not taken this quiz